000 00594nam a2200241Ia 4500
003 OSt
005 20220918193050.0
006 a|||||r|||| 00| 0
007 ta
008 220917b |||||||| |||| 00| 0 eng d
024 _a71,736
037 _cTextual
040 _aARTS
_cARTS
_beng
041 _2eng
_aeng
082 _aR4, M01
100 _aGrayeff Felix
_977942
245 0 _aShort treatise on ethics
260 _aLondon
_bDuckwordh
_c1980
300 _a88p.
_ccm.
650 _aETHICS
942 _hR4, M01
_cTEXL
_2CC
999 _c197808
_d197808